Closest Capital Cities - Africa - Statistics

General Stats
  • This quiz has been taken 21 times
  • The average score is 34 of 54
Answers on the Map
Answers color-coded by a green-red scale on the quiz's map according to % correct below.
 
Answer Stats
% Correct
Cairo
100%
Addis Ababa
93%
Asmara
93%
Djibouti
93%
Juba
93%
Khartoum
93%
Antananarivo
87%
Dodoma
87%
Gitega
87%
Kampala
87%
Kigali
87%
Mogadishu
87%
Moroni
87%
Nairobi
87%
Port Louis
87%
Victoria
87%
Gaborone
80%
Harare
80%
Lilongwe
80%
Lusaka
80%
Maputo
80%
Mbabane
80%
Brazzaville
73%
Kinshasa
73%
Libreville
73%
Luanda
73%
Maseru
73%
Pretoria
73%
Windhoek
73%
Sao Tome
67%
Malabo
60%
Yaoundé
60%
Abuja
53%
Accra
53%
Lomé
53%
Porto-Novo
53%
Yamoussoukro
47%
Banjul
40%
Bissau
40%
Conakry
40%
Dakar
40%
Freetown
40%
Monrovia
40%
Bamako
33%
Nouakchott
33%
Praia
33%
Niamey
27%
Ouagadougou
27%
Algiers
20%
Bangui
20%
N'Djamena
20%
Rabat
20%
Tripoli
20%
Tunis
20%
No matching quizzes found
Score Distribution
Percent of People with Each Score
Percentile by Number Answered
Your Score History
You have not taken this quiz